| 000 | 00852nam a22002297a 4500 | ||
|---|---|---|---|
| 005 | 20250501125910.0 | ||
| 008 | 250501b |||||||| |||| 00| 0 eng d | ||
| 020 | _a978-81-302-0526-7 (hbk) | ||
| 037 | _cTB | ||
| 040 |
_aAL _cAL |
||
| 041 |
_2Pun _aPun |
||
| 084 |
_aO153,1:g(Y:351) R0 _qAL |
||
| 100 |
_aਸਿੰਘ, ਨਾਹਰ _9753668 |
||
| 245 | _aਧਰਤੀ ਪਿਆਰ ਕਰੇਂਡੀਏ | ||
| 260 |
_aਪਟਿਆਲਾ, ਭਾਰਤ: _bਪਬਲੀਕੇਸ਼ਨ ਬੀਊਰੋ, _c2020. |
||
| 300 | _a288 ਪ. | ||
| 365 |
_b450.00 _cINR |
||
| 650 | _aਪੰਜਾਬੀ ਸਾਹਿਤ | ||
| 650 | _aਪੰਜਾਬੀ ਕਾਵਿ | ||
| 942 |
_2CC _cTB _hO153,1:g(Y:351) R0 _n0 |
||
| 999 |
_c1309890 _d1309890 |
||